Responsabilidad del Estado : la justicia y sus límites temporales /

Gespeichert in:
Bibliographische Detailangaben
1. Verfasser: García Pons, Enrique (autor)
Format: Buch
Sprache:Spanisch
Veröffentlicht: Barcelona, España : Bosch, 1996, c1996
Schlagworte:
Tags: Tag hinzufügen
Keine Tags, Fügen Sie das erste Tag hinzu!

MARC

LEADER 00000nam^a2200000^a^4500
001 000114553
005 20250521000000.0
009 20260310094024.723
020 |a 84-7698-409-X 
037 |a Acervo ITESO - Biblioteca 
041 |a ESP 
082 |a 345. 4607  |b GAR 
100 |a García Pons, Enrique  |e (autor) 
245 1 0 |a Responsabilidad del Estado :  |b la justicia y sus límites temporales /  |c E. García Pons. 
264 4 |a Barcelona, España :  |b Bosch,  |c 1996, c1996 
300 |a 388 p. 
336 |a texto  |b txt  |2 rdacontenido 
337 |a sin mediación  |b n  |2 rdamedio 
338 |a volumen  |b nc  |2 rdasoporte 
649 |a XX 
650 |a Justicia -  |x Administración 
650 |a Derecho Procesal -  |z España 
650 |a Responsabilidad del Estado -  |z España 
650 |a Derecho Penal -  |z España 
650 |a Derecho Constitucional -  |z España 
650 |a Derechos Humanos -  |z España 
650 |a Derecho Público -  |z España 
910 |a Fondo General 
920 |a Impresos - Libros 
930 |a Colección General 
905 |a 101 
901 |a 0500051489  |b IT1  |c ACC  |u 20250521 
902 |a https://opac.biblio.iteso.mx/vufind/Record/000114553